| 000 | 00921nam a2200265Ia 4500 | ||
|---|---|---|---|
| 003 | OSt | ||
| 005 | 20220923211143.0 | ||
| 006 | a|||||r|||| 00| 0 | ||
| 007 | ta | ||
| 008 | 220922b |||||||| |||| 00| 0 hin d | ||
| 020 | _a8186565507 (hbk) | ||
| 024 | _a249,589 | ||
| 037 | _cTextual | ||
| 040 |
_aARTS _cARTS _bhin |
||
| 041 |
_2hin _ahin |
||
| 082 | _aY:393.2, 152P0 | ||
| 100 |
_aचतुर्वेदी, जगदीश्वर _9158812 |
||
| 245 | 0 | _aसूचना समाज | |
| 246 | _aSūchanā samāja | ||
| 260 |
_aनई दिल्ली _b अनामिका पब्लिशर्स एंड डिस्ट्रीब्यूटर्स _c2000 |
||
| 300 |
_a213पृ. _ccm. |
||
| 650 |
_aसमाजशास्त्र _9158813 |
||
| 942 |
_hY:393.2, 152P0 _cTEXL _2CC |
||
| 999 |
_c296013 _d296013 |
||